书目信息 |
| 题名: |
生物炼制产品与技术
|
|
| 作者: | 伯杰龙 , 卡里尔 , 拉马斯瓦米 主编 ;鲍杰 译 | |
| 分册: | ||
| 出版信息: | 上海 上海科学技术出版社 2013.01 |
|
| 页数: | 341页 | |
| 开本: | 26cm | |
| 丛书名: | ||
| 单 册: | ||
| 中图分类: | Q939.97 | |
| 科图分类: | ||
| 主题词: | 工业微生物学 | |
| 电子资源: | ||
| ISBN: | 978-7-5478-1568-7 | |
| 000 | 01370nam0 2200289 450 | |
| 001 | 006457435 | |
| 005 | 20140610085136.09 | |
| 010 | @a978-7-5478-1568-7@b精装@dCNY98.00 | |
| 100 | @a20130129d2013 em y0chiy0110 ea | |
| 101 | 1 | @achi@ceng |
| 102 | @aCN@b310000 | |
| 105 | @ay z 000yy | |
| 106 | @ar | |
| 200 | 1 | @a生物炼制产品与技术@9sheng wu lian zhi chan pin yu ji shu@dBiorefinery co-products phytochemicals, primary metabolites and value-added biomass processing@f(美)钱特尔·伯杰龙(Chantal Bergeron),丹尼尔·朱莉·卡里尔(Danielle Julie Carrier),施里·拉马斯瓦米(Shri Ramaswamy)主编@g鲍杰[等]译@zeng |
| 210 | @a上海@c上海科学技术出版社@d2013.01 | |
| 215 | @a341页@d26cm | |
| 300 | @a“十二五”国家重点图书出版规划项目 | |
| 330 | @a本书分为15章,主要内容包括:生物炼制技术综述、生物炼制中副产品植物素的分离及纯化、大豆类生物活性产品、藻类植物化学品、来源于甘蔗渣的炭等。 | |
| 510 | 1 | @aBiorefinery co-products phytochemicals, primary metabolites and value-added biomass processing@zeng |
| 606 | 0 | @a工业微生物学 |
| 690 | @aQ939.97@v5 | |
| 701 | 0 | @c(美)@a伯杰龙@9bo jie long@c(Bergeron, Chantal)@4主编 |
| 701 | 0 | @c(美)@a卡里尔@9ka li er@c(Carrier, Danielle Julie)@4主编 |
| 701 | 0 | @c(美)@a拉马斯瓦米@9la ma si wa mi@c(Ramaswamy, Shri)@4主编 |
| 702 | 0 | @a鲍杰@9bao jie@4译 |
| 801 | 0 | @aCN@bNLC@c20130226 |
| 905 | @b846778-80@dQ939.97@e76@f3 | |
| 生物炼制产品与技术=Biorefinery co-products phytochemicals, primary metabolites and value-added biomass processing/(美)钱特尔·伯杰龙(Chantal Bergeron),丹尼尔·朱莉·卡里尔(Danielle Julie Carrier),施里·拉马斯瓦米(Shri Ramaswamy)主编/鲍杰[等]译.-上海:上海科学技术出版社,2013.01 |
| 341页;26cm |
| “十二五”国家重点图书出版规划项目 |
| ISBN 978-7-5478-1568-7(精装):CNY98.00 |
| 本书分为15章,主要内容包括:生物炼制技术综述、生物炼制中副产品植物素的分离及纯化、大豆类生物活性产品、藻类植物化学品、来源于甘蔗渣的炭等。 |
| ● |
| 相关链接 |
|
|
|
|
正题名:生物炼制产品与技术
索取号:Q939.97/76
 
预约/预借
| 序号 | 登录号 | 条形码 | 馆藏地/架位号 | 状态 | 备注 |
| 1 | 846778 | 208467782 | 第二样本阅览室/ [索取号:Q939.97/76] | 在馆 | |
| 2 | 846779 | 208467791 | 第三借阅区/ [索取号:Q939.97/76] | 在馆 | |
| 3 | 846780 | 208467808 | 密集书库-生命科学系/ [索取号:Q939.97/76] | 在馆 |